000 00777cam a22002295a 4500
001 L152019
008 110124s2010 xxk f 000 0 eng d
035 _a(Sirsi) u152019
041 0 _aeng
050 0 4 _a692.8 $2 18
110 2 _aChartered Institute of Building
_92134
245 0 0 _aSmall works contract
260 _aAscot
_bCIOB
_c2010
300 _a27p.
_c30cm.
520 _aIntended for small simple works costing up to £250 000, and lasting less than 12 months, which are described by drawings or a specification/schedule of works, but not a bill of quantities.
590 _aKA
651 4 _aEngland and Wales
690 _aBUILT ENVIRONMENT-BUILDING CONTRACT FORMS
710 1 _aDickinson Dees LLP
710 1 _aNorthumbria University
942 _n0
_2ddc
999 _c111802
_d111802